| 000 | 01763cam a22005054i 4500 | ||
|---|---|---|---|
| 003 | PE-LiUPU | ||
| 005 | 20250731165557.0 | ||
| 008 | 150625s r 000 0 d | ||
| 020 | _a842542352 | ||
| 035 | _a(Sirsi) i842542352 | ||
| 040 |
_aPE-LiUPU _bspa _cPE-LiUPU _erda |
||
| 049 | _aPRUA | ||
| 082 | 0 | 4 |
_a270.603d _bG23 _221 |
| 245 | 0 | 0 |
_aDiccionario enciclopédico de la época de la reforma / _cMichael Buchberger. |
| 264 | 1 |
_aBarcelona : _bHerder, _c2005. |
|
| 300 |
_a639 páginas ; _c23 centímetros |
||
| 336 |
_atext _2rdacontent |
||
| 337 |
_aunmediated _2rdamedia |
||
| 338 |
_avolume _2rdacarrier |
||
| 504 | _aIncluye referencias bibliográficas al final de cada artículo. | ||
| 505 | 0 | _aDiccionarios (A-Z). | |
| 526 | _aSEG44 | ||
| 526 | _aSEG26 | ||
| 526 | _aP151 | ||
| 526 | _aP150 | ||
| 526 | _aP149 | ||
| 526 | _aP146 | ||
| 526 | _aP145 | ||
| 526 | _aP126 | ||
| 526 | _aP125 | ||
| 526 | _aP92 | ||
| 526 | _aP75 | ||
| 526 | _aP74 | ||
| 526 | _aP27 | ||
| 526 | _aP15 | ||
| 541 | _g007-0017629; | ||
| 650 | 0 | 4 |
_aIglesia _yReforma, 1517-1648 _vDiccionarios. |
| 700 | 1 |
_aGanzer, Klaus, _edirector. |
|
| 910 |
_baj _ceq _d20051025 |
||
| 942 |
_2ddc _cBOOK |
||
| 949 |
_aRC 270.603D G23 _wDEWEY _c1 _i55906 _lCCODEBUL1 _mBUL _p59.00 _r0 _sY _tBOOK _u2015-6-25 _xTEOLOGIA _zUNKNOWN _0COMPRA _o.CIRCNOTE. No olvidar cambiar la fecha de devolución!!!!!!! _o.STAFF. Colección General |
||
| 994 |
_aC0 _bPEPRU |
||
| 596 | _a1 | ||
| 999 |
_aRC 270.603D G23 _wDEWEY _c44744 _i55906 _d44744 _f2021-11-8 _g7 _lCCODEBUL1 _mBUL _p59.00 _q1 _r1 _sY _tBOOK _u2015-6-25 _xTEOLOGIA _zUNKNOWN _0COMPRA _o.CIRCNOTE. No olvidar cambiar la fecha de devolución!!!!!!! _o.STAFF. Colección General |
||
| 980 |
_81 _gALBERTO SANCHEZ Responsable de Automatización |
||